000 00729nam a22002057a 4500
005 20250523153404.0
010 _aENG-145009
020 _a9789381325483(VOl 8)
_c250.00
035 _aEN-128541
037 _bDBAD
082 _a574.102
100 _aMandal, Nitai Chandra
_981387
245 _aHistory of Science in India:
_bBiochemistry, Biophysics and Molecular Biology/
_cby Nitai Chandra Mandal [and] Dhrubajyoti Chattopadhyay
260 _aKolkata
_bThe Ramakrishna Mission Institute of Culture
_c2014
270 _aGol Park
_bKolkata
_e700029
300 _axx,573p.:
_c25cm(Hb)
_bill.
490 _vVol 8
700 _aChattopadhyay, Dhrubajyoti
_975181
_eAuthor
942 _2ddc
_cEN
_h574.102
_mMAN
999 _c211411
_d211411